000 00475nam a2200169 i 4500
001 87306
003 ES-MaACL
005 20230906175637.0
007 t|
008 041221s1982 sp ||||1| spa d
100 1 _aKrall, Hanna.
_968722
245 1 0 _aGanarle a Dios /
_cHanna Krall ; [traducción de Anna Husarska].
260 _a[Barcelona] :
_bEdhasa,
_c[1982]
300 _a134 p. ;
_c19 cm.
700 1 _aHusarska, Anna.
_964811
852 _aES-MaACL
_jL-3199
_bR.103980
999 _c87306
_d87306